000
00305 a2200133 4500
000
nam a22 7a 4500
100
_a
Rajiv,Bhatia
110
_a
Rajiv,Bhatia
245
_a
india africa relations
250
_a
latest edition
260
_b
Routledge
_c
2026
264
_b
Routledge
_c
2026
942
_c
BK
999
_c
395186
_d
395186